000 00379nam a2200145 a 4500
001 000031576
005 20200930063028.0
008 110627s199u dr a 000 0 spa d
040 _aDO-SdBNP
_bspa
_cBNPHU
082 _axxxx
_bL153
245 0 0 _aLadama 91 :
_bestudio internacional.
260 _a[Santo Domingo :
_bs.f.,
_c199u?].
300 _a[30 p.] ;
_c21 cm.
049 _aBNPD
999 _c31068
_d31068